Manažment financovania medzinárodného obchodného styku podniku diplomová práca

Enregistré dans:
Détails bibliographiques
Auteur principal: Dratvová, Tatiana
Collectivité auteur: Fakulta podnikového manažmentu EU. Katedra podnikových financií
Autres auteurs: Kubranová, Magdaléna, 1956-
Format: Livre
Langue:slovaque
Publié: Bratislava 2020
Tags: Ajouter un tag
Pas de tags, Soyez le premier à ajouter un tag!

MARC

LEADER 00000nbm a2200000 4500
001 0265915
005 20201126093338.2
041 0 |a slo 
044 |a SK 
245 1 0 |a Manažment financovania medzinárodného obchodného styku podniku  |b diplomová práca  |c Tatiana Dratvová ; školiteľ: Magdaléna Kubranová 
264 1 |a Bratislava  |c 2020 
300 |a 76 s. 
100 1 |a Dratvová, Tatiana 
700 1 |a Kubranová, Magdaléna, 1956- 
710 2 |a Fakulta podnikového manažmentu EU. Katedra podnikových financií